40 Most Famous Cities in Chile on a Map - Statistics

General Stats
  • This quiz has been taken 132 times
  • The average score is 19 of 40
Answers on the Map
Answers color-coded by a green-red scale on the quiz's map according to % correct below.
 
Answer Stats
Wiki Monthly Views Cityquiz Mention Rate Population Answers % Correct
160.03K 61.33% 5220.16K Santiago
100%
49.67K 11.01% 252.89K Valparaíso
92%
25.09K 7.84% 352.64K Antofagasta
80%
24.59K 7.27% 219.06K Concepción
79%
18.76K 4.76% 204.08K Arica
70%
18.45K 4.19% 189.06K Iquique
70%
18.52K 4.46% 171.14K Puerto Montt
66%
36.36K 8.40% 125.93K Punta Arenas
66%
22.73K 4.05% 334.25K Viña del Mar
64%
13.93K 2.78% 196.18K La Serena
57%
9.85K 1.52% 237.29K Talca
54%
8.37K 1.44% 205.76K Coquimbo
53%
15.08K 2.94% 236.38K Temuco
53%
23.81K 2.91% 150.73K Valdivia
53%
8.33K 13.69% 143.56K Los Ángeles
52%
11.68K 2.20% 158.49K Calama
51%
9.51K 2.04% 150.96K Copiapó
46%
10.26K 1.53% 231.89K Rancagua
46%
5.21K 1.57% 568.09K Puente Alto
43%
9.77K 1.25% 164.57K Chillán
41%
11.83K 1.99% 7.32K Hanga Roa
41%
14.01K 0.28% 1.87K Puerto Williams
41%
9.33K 1.46% 147.83K Osorno
40%
8.15K 0.67% 26.25K Puerto Varas
40%
5.28K 9.45% 86.57K San Antonio
40%
13.91K 0.76% 5.52K San Pedro de Atacama
40%
6.50K 0.79% 148.44K Talcahuano
39%
4.34K 0.89% 34.04K Castro
37%
9.39K 0.81% 49.97K Coyhaique
37%
8.48K 0.37% 19.18K Puerto Natales
37%
7.74K 0.96% 126.09K Curicó
33%
7.28K 0.59% 18.35K Pucón
33%
5.76K 0.59% 32.22K Villarrica
33%
5.57K 0.72% 60.34K Los Andes
31%
4.56K 0.84% 77.02K Ovalle
31%
4.16K 1.49% 291.61K San Bernardo
31%
5.37K 0.49% 24.63K Tocopilla
29%
4.05K 2.21% 58.60K San Fernando
28%
4.65K 0.95% 74.14K Linares
25%
5.54K 0.26% 12.90K Pichilemu
22%
No matching quizzes found
Score Distribution
Percent of People with Each Score
Percentile by Number Answered
Your Score History
You have not taken this quiz